000 00937nam a22002417a 4500
999 _c41468
_d41468
001 12444
003 CO-MdFUSB
005 20180622073148.0
008 180510t1996 xxu||||| |||| 00| 0 spa d
020 _a0-311-09140-7
040 _aCO-MdFUSB
_bspa
_cCO-MdFUSB
_dCO-MdFUSBC
_erda
041 0 _aspa
_heng
082 0 4 _aG 230 G2392t
100 1 _aGarrett, James Leo
_eautor
245 1 0 _aTeología sistemática
_b: bíblica, histórica y evangélica
_c/ James Leo Garret; Nancy Bedford de Stutz, Traductora
264 4 _aEl Paso, TX :
_b Casa Bautista de Publicaciones,
_c©1996
300 _a665 Pag
336 _2rdacontent
_atexto
_btxt
337 _2rdamedia
_asin mediación
_bn
338 _2rdacarrier
_avolumen
_bnc
505 0 0 _a- La revelación y la Biblia - Dios, el Padre santo y amoroso: la Trinidad - La creación, la providencia y los seres sobrehumanos - La humanidad y el pecado - La persona de Jesucristo
942 _cBK